Diagnostika v jadrových elektrárňach : Diplomová práca

Guardado en:
Detalles Bibliográficos
Autor principal: Ďuriš, Pavol (Autor)
Otros Autores: Gese, Augustín, 1945- (xxx)
Formato: Manuscrito Libro
Lenguaje:eslovaco
Publicado: Trnava : STU v Bratislave MtF KAIA, 1993
Materias:
Etiquetas: Agregar Etiqueta
Sin Etiquetas, Sea el primero en etiquetar este registro!

MARC

LEADER 00000ntm a22000003a 4500
001 stu73093
005 20160719155049.9
008 011220s1993----xo------------------slo-d
040 |a STU  |b slo 
041 0 |a slo 
044 |a xo 
100 1 |a Ďuriš, Pavol  |4 aut 
245 1 |a Diagnostika v jadrových elektrárňach :  |b Diplomová práca 
260 |a Trnava :  |b STU v Bratislave MtF KAIA,  |c 1993 
300 |a 60 s  |c výťah 
650 7 |a Elektrárne jadrové-diagnostika  |2 stusub 
650 7 |a Automatizované systémy riadenia výrobných procesov v strojárstve  |2 stusub 
700 1 |a Gese, Augustín,  |d 1945-  |4 xxx  |u M6000  |U MTF Materiálovotechnologická fakulta  |T MTF Ústav aplikovanej informatiky, automatizácie a matematiky  |X 4404  |U M6000  |Y 86  |7 A000004404 
996 |b 284M033874  |c M*DP-1398  |l MMSKP  |s P  |a 0  |w stu73093_0001